000 00890nas a2200277 4500
001 BR7306759
003 BR-BrBNA
005 20231205082624.0
007 ta
008 230509b bl.|||p| |||| 00| 00por d
040 _aBR-BrBNA
_bpor
_cBiblioteca Nacional de Agricultura
041 _a(Pt)
072 _aL30; L36
100 1 _aPenedo, M.C.T.
100 1 _aTesta, P.R.
100 1 _aZucoloto, F.S.
245 1 _aValor nutritivo do gevral e do levedo de cerveja em diferentes misturas com polen para Scaptotrigona (Scaptotrigona)postica (Hymenoptera, Apidae)[Apis mellifera]
650 _aABELHA
650 _aCOMPOSICAO DE ALIMENTO
650 _aVALOR NUTRITIVO
650 _aPOLEN
650 _aLEVEDO
773 0 _tCiencia e Cultura (Brazil)
_xISSN 0009-6725
_g(May 1976), v. 28(5) p. 536-538
_wBR7306759
909 _a202311
_bLúcia
_c55
_dLúcia Elande
942 _2AGRIS
_n0
_cANA
999 _c93314
_d93314